[Event "ch-GBR KO 2019"]
[Site "London ENG"]
[Date "2019.12.07"]
[Round "3.7"]
[White "Howell, David W L"]
[Black "Adams, Michael"]
[Result "1/2-1/2"]
[WhiteTitle "GM"]
[BlackTitle "GM"]
[WhiteElo "2676"]
[BlackElo "2701"]
[WhiteFideId "410608"]
[BlackFideId "400041"]
[EventDate "2019.12.01"]

1. c4 e5 2. Nc3 Nf6 3. Nf3 Nc6 4. e3 Bb4 5. Qc2 Bxc3 6. Qxc3 Qe7 7. a3 d5 8. d4
exd4 9. Nxd4 Nxd4 10. Qxd4 c5 11. Qh4 Be6 12. cxd5 Nxd5 13. Bb5+ Bd7 14. Qxe7+
Kxe7 15. Be2 Ba4 16. e4 Nc7 17. Be3 Ne6 18. b4 Rhc8 19. bxc5 Nxc5 20. Rb1 b6 21.
f3 Bc2 22. Ra1 Rc7 23. Kf2 Rd8 24. Ra2 Bd3 25. Rc1 Bxe2 26. Kxe2 Rdc8 27. a4 Nb3
28. Rxc7+ Rxc7 29. Rb2 Na5 30. g4 Rc4 31. Ra2 g6 32. Kd3 Rc6 33. g5 Ke6 34. h4
Nb3 35. Ra3 Nc5+ 36. Kd2 Nb7 37. Ra2 Na5 38. Kd3 Nb3 39. Ra3 Na5 40. Ra2 Nb3 41.
Ra3 Na5 1/2-1/2